000 00421nam a22001697a 4500
005 20160611095308.0
008 160611b xxu||||| |||| 00| 0 eng d
020 _a0-07-04-555-9
041 _aeng
082 _b6777
100 _aSharma, RC Mohan, Krishna
_9751
245 _aBusiness Correspondence and Report Writing
260 _aNew Delhi
_bTMH
_c1978
300 _a405
650 _aManagement
_9241
942 _cBK
999 _c2365
_d2364